Food Quiz Photo (Francais) - Statistiques

Statistiques générales
  • Ce quiz a été pris 221 fois
  • Le résultat moyen est 6 sur 10
Statistiques - réponses
Par images Réponse % Correct
Banane
95%
Croissant
93%
Pizza
93%
Chocolat
89%
Carotte
85%
Gateau
79%
Saucisse
77%
Guimauve
26%
Et
2%
Pied
1%
Aucun quiz correspondant
Distribution des résultats
% des personnes avec chaque résultat
Percentile par nombre de réponses
Votre historique - résultats
Vous n’avez pas pris ce quiz